東武亀戸線の駅 - Statistics

General Stats
  • This quiz has been taken 43 times
  • The average score is 4 of 5
Answer Stats
Hint Answer % Correct
TS-44 亀戸
100%
TS-04 曳舟
93%
TS-43 亀戸水神
88%
TS-42 東あずま
78%
TS-41 小村井
70%
No matching quizzes found
Score Distribution
Percent of People with Each Score
Percentile by Number Answered
Your Score History
You have not taken this quiz